| 000 | 00432nam a2200181Ia 4500 | ||
|---|---|---|---|
| 008 | 210210b1956 xxu||||| |||| 00| 0 eng d | ||
| 041 | _aeng | ||
| 082 | _a539/104 | ||
| 100 | _aTAYLOR (Sherwood F) | ||
| 245 | _aIllustrated history of science | ||
| 260 |
_aLondon _bWilliam Heinemann Ltd. _c1956 |
||
| 300 | _a178 | ||
| 650 | _ascience | ||
| 650 | _aIllustrated | ||
| 650 | _ahistory | ||
| 690 | _aPhysics | ||
| 906 | _a009120 | ||
| 999 |
_c127786 _d127786 |
||